Phasing out lead from gasoline (Record no. 542797)
[ view plain ]
| 000 -LEADER | |
|---|---|
| fixed length control field | 00560cam a2200157 a 4500 |
| 020 ## - INTERNATIONAL STANDARD BOOK NUMBER | |
| International Standard Book Number | 082134157X |
| 082 00 - DEWEY DECIMAL CLASSIFICATION NUMBER | |
| Classification number | 363.738/4 |
| Author Mark | PHA |
| -- | D |
| 100 1# - MAIN ENTRY--PERSONAL NAME | |
| Personal name | Lovei, Magda. |
| 9 (RLIN) | 38138 |
| 245 10 - TITLE STATEMENT | |
| Title | Phasing out lead from gasoline |
| Remainder of title | worldwide experience and policy implications / |
| Statement of responsibility, etc. | Magda Lovei. |
| 260 ## - PUBLICATION, DISTRIBUTION, ETC. | |
| Place of publication, distribution, etc. | Washington, DC : |
| Name of publisher, distributor, etc. | World Bank, |
| Date of publication, distribution, etc. | c1998. |
| 526 ## - STUDY PROGRAM INFORMATION NOTE | |
| Program name | 0 |
| Interest level | 0 |
| Reading level | 0 |
| Title point value | 363_738400000000000_PHA |
| 650 #0 - SUBJECT ADDED ENTRY--TOPICAL TERM | |
| Topical term or geographic name entry element | Lead abatement |
| General subdivision | Government policy. |
| 9 (RLIN) | 38139 |
| 650 #0 - SUBJECT ADDED ENTRY--TOPICAL TERM | |
| Topical term or geographic name entry element | Lead abatement. |
| 9 (RLIN) | 38140 |
| 856 40 - ELECTRONIC LOCATION AND ACCESS | |
| Uniform Resource Identifier | <a href="http://www.columbia.edu/cgi-bin/cul/resolve?clio7697132">http://www.columbia.edu/cgi-bin/cul/resolve?clio7697132</a> |
| 942 ## - ADDED ENTRY ELEMENTS (KOHA) | |
| Source of classification or shelving scheme | |
| Koha item type | Book |
| Withdrawn status | Lost status | Source of classification or shelving scheme | Damaged status | Not for loan | Permanent Location | Current Location | Date acquired | Total Checkouts | Full call number | Barcode | Date last seen | Price effective from | Koha item type |
|---|---|---|---|---|---|---|---|---|---|---|---|---|---|
| Military College of Engineering (MCE) | Military College of Engineering (MCE) | 02/18/2014 | 363.738/4 PHA | MCE-42760 | 02/18/2014 | 02/18/2014 | Book |
